000 00309nam a2200133Ia 4500
999 _c6818
_d6818
008 191201s2018 xx 000 0 und d
020 _a9780198093695
100 _aSRIDHAR, S
245 0 _aDesign and Analysis of Algorithms
260 _bOxford
_c2018
300 _a770
650 _aMCA
942 _2ddc
_cBK
_05